000 01089nam a22002177a 4500
999 _c11995
_d11995
003 AR-CdUCM
008 190405b ||||| |||| 00| 0 spa d
040 _aMUNICIPALIDAD PROVINCIAL DEL CUSCO
_cBIBLIOTECA MUNICIPAL DEL CUSCO
082 _a231 /
_bM14 / 1842
100 _aModrolle, A.
_929641
245 _aDios en presencia del siglo o legislación de la providencia :
_ben que se elevan en fin la ciencia y la religión toda entera a la altura de la época /
260 _aParís :
_bLibr. de rosa,
_c1842.
300 _a239 páginas ;
_c17 cm.
505 _aContenido: Precedentes de la legislación general de la providencia -- Legislación general de la providencia -- Creación del mundo -- Esposición de las leyes de la providencia en la educación o la preservación, la reparación y el perfeccionamiento del hombre de la sociedad y del mundo -- leyes de la reparación del mundo.
650 _aLegislación
_92962
650 _aLeyes
_94808
650 _aEducación
_9460
700 _aOchoa, E. De (traductor)
_920624
942 _2ddc
_cLIBROS
945 _aacv
_d05/04/2019